Visualizzazione normale
Vista MARC
- Costa Giuliana, Minora Francesco Andrea (a cura di)
di Personal Name
Records bibliografici associati: 1
001 - CONTROL NUMBER
- control field: 61223
003 - CONTROL NUMBER IDENTIFIER
- control field:
005 - DATE AND TIME OF LATEST TRANSACTION
- control field: 20241217115405.0
008 - FIXED-LENGTH DATA ELEMENTS
- fixed length control field: 241217|| aca||aabn | a|a d
040 ## - CATALOGING SOURCE
- Original cataloging agency:
- Transcribing agency:
100 ## - HEADING--PERSONAL NAME
- Personal name: Costa Giuliana, Minora Francesco Andrea (a cura di)
670 ## - SOURCE DATA FOUND
- Source citation: Work cat.: ()360279: Costa Giuliana, Minora Francesco Andrea (a cura di), Coabitazioni solidali., 2023